000 00513nam a2200217Ia 4500
001 10576
003 GE_BSU
008 181216s||||||||xx |||||||||||||| ||und||
020 _a0194513920
040 _cGE_BSU
080 _a338.22
100 _aHollett,Vicki.Duckworth,Michael.
245 _aBusiness Objectives:Workbook.
260 _aBoston
260 _bOxford University Press.
260 _c1996.
300 _a79p;22cm.
541 _h36Gel.
653 _aBusiness Objectives:workbook.
942 _cBK
999 _c43831
_d43831